| 000 | 00783nam a2200253Ia 4500 | ||
|---|---|---|---|
| 001 | 21741 | ||
| 003 | GE_BSU | ||
| 008 | 181216s||||||||xx |||||||||||||| ||und|| | ||
| 020 | _a9994035304 | ||
| 040 | _cGE_BSU | ||
| 080 | _a1 | ||
| 245 | _aფილოსოფიის შესავალი | ||
| 245 | _cრედ.ვ. ჭიაურელი | ||
| 250 | _aმესამე გამოცემა | ||
| 260 | _aთბილისი | ||
| 260 | _bტექნიკური უნივერსიტეტი | ||
| 260 | _c2004 | ||
| 300 | _a221გვ. 20სმ. | ||
| 541 | _h7ლ. 50თ. | ||
| 653 | _aფილოსოფია | ||
| 653 | _aფილოსოფიის შესავალი | ||
| 653 | _aქსეროქსი | ||
| 942 | _cBK | ||
| 999 |
_c54674 _d54674 |
||